| 000 | 00572nam a2200133 a 4500 | ||
|---|---|---|---|
| 008 | 080515s2000 ||||||||||||||||| || u | ||
| 050 | _aTHESIS | ||
| 100 | _aChisha, Musonda | ||
| 245 | 1 | 4 |
_aThe Ndola leisure centre _cthesis supervised by Dr. Malama |
| 260 |
_aKitwe _bCopperbelt University, School of Built Environment, Department of Architecture _c2000 |
||
| 350 | _a0.00 | ||
| 650 | _aARCHITECTURAL DESIGN--EVALUATION | ||
| 995 |
_D0.00 _FCBU-MAIN LIBRARY (Kitwe) _H1 _I0.00 _M1 _UAVAILABLE _WMay 15, 2008 _ZUniversity Collection |
||
| 999 |
_c52028 _d52028 |
||